[Event "Zalakarosi Sakkfesztivál open"]
[Site "Zalakaros"]
[Date "2018.05.28"]
[Round "4.28"]
[White "Kareva, Natalia"]
[Black "Pervai, Laszlo"]
[Result "1-0"]
[WhiteElo "2206"]
[BlackElo "1745"]
[PlyCount "71"]
[EventDate "2018.05.25"]
[EventType "swiss"]
[EventRounds "9"]
[EventCountry "HUN"]

1. d4 d5 2. c4 e6 3. Nf3 Nf6 4. Nc3 c6 5. Bg5 Nbd7 6. cxd5 exd5 7. e3 Be7 8.
Bd3 O-O 9. Qc2 h6 10. Bxf6 Nxf6 11. h3 b6 12. Ne5 c5 13. O-O Bb7 14. Bf5 Re8
15. a4 Bc8 16. Bd3 Bb7 17. f4 Rc8 18. Qe2 Ne4 19. Qh5 Rf8 20. Bxe4 dxe4 21.
Rfd1 Qe8 22. d5 Rd8 23. Qf5 g6 24. Qxe4 f5 25. Qf3 Bf6 26. Nc6 Bxc6 27. dxc6
Bxc3 28. Rxd8 Qxd8 29. bxc3 Qf6 30. c7 Qe7 31. Qb7 Qxe3+ 32. Kh1 Qe6 33. Rd1
Qe2 34. Qd5+ Kg7 35. Qd7+ Rf7 36. c8=Q 1-0

[Event "Zalakarosi Sakkfesztivál open"]
[Site "Zalakaros"]
[Date "2018.05.28"]
[Round "4.29"]
[White "Chubar, Vladimir"]
[Black "Ugroczky, Peter"]
[Result "1-0"]
[WhiteElo "2011"]
[BlackElo "2197"]
[PlyCount "139"]
[EventDate "2018.05.25"]
[EventType "swiss"]
[EventRounds "9"]
[EventCountry "HUN"]

1. Nf3 d5 2. d4 Nf6 3. g3 e6 4. Bg2 Be7 5. O-O O-O 6. b3 b6 7. Bb2 Nbd7 8. Nbd2
Ba6 9. Re1 Rc8 10. e4 c5 11. exd5 Nxd5 12. c4 Nb4 13. Ne4 Bb7 14. a3 Na6 15.
Qc2 h6 16. Rad1 Bxe4 17. Qxe4 Bf6 18. Qb7 Nab8 19. Ne5 Rc7 20. Qf3 cxd4 21.
Bxd4 Qe7 22. Ng4 Bxd4 23. Rxd4 f5 24. Qf4 Rc5 25. Ne5 g5 26. Ng6 gxf4 27. Nxe7+
Kf7 28. Nc6 e5 29. Nxb8 Nxb8 30. Bd5+ Kf6 31. Rd2 fxg3 32. hxg3 Rd8 33. Red1
Rc7 34. Kg2 Rcd7 35. Rh1 Kg6 36. Re2 Re7 37. f3 Nd7 38. Rhe1 Kf6 39. Kh3 Nf8
40. Rh2 Rg7 41. Kg2 Rg6 42. Reh1 Kg7 43. Kf2 Ne6 44. Rh5 Nd4 45. Re1 Kf6 46. b4
Rd7 47. g4 Rdg7 48. c5 bxc5 49. bxc5 Rd7 50. gxf5 Nxf5 51. Rxf5+ Kxf5 52. Be4+
Kf6 53. Bxg6 Kxg6 54. Rxe5 Kf6 55. Re2 Rd3 56. Rc2 Ke7 57. c6 Kd8 58. c7+ Kc8
59. a4 Rd4 60. Ke3 Rxa4 61. f4 h5 62. f5 h4 63. f6 Ra6 64. Rf2 Re6+ 65. Kd4 Re8
66. f7 Rf8 67. Ke5 Kxc7 68. Ke6 h3 69. Ke7 h2 70. Rxh2 1-0

[Event "Zalakarosi Sakkfesztivál open"]
[Site "Zalakaros"]
[Date "2018.05.28"]
[Round "4.30"]
[White "Palczert, Miklos"]
[Black "Pribelszky, Bence"]
[Result "0-1"]
[WhiteElo "1726"]
[BlackElo "2187"]
[PlyCount "70"]
[EventDate "2018.05.25"]
[EventType "swiss"]
[EventRounds "9"]
[EventCountry "HUN"]

1. Nf3 Nf6 2. g3 d5 3. Bg2 c5 4. d4 cxd4 5. Nxd4 e5 6. Nb3 Nc6 7. O-O Be6 8.
N1d2 Be7 9. e4 O-O 10. exd5 Bxd5 11. Qe2 Bxg2 12. Kxg2 Qd5+ 13. f3 Rfd8 14. Nc4
Rac8 15. Ne3 Qe6 16. c3 a5 17. Qb5 e4 18. f4 Rd3 19. Qxb7 a4 20. f5 Qd7 21.
Qxd7 Nxd7 22. Nd4 Nxd4 23. cxd4 Rxd4 24. Rd1 Rxd1 25. Nxd1 Rc2+ 26. Kg1 Ne5 27.
Nc3 Bc5+ 28. Kf1 Rf2+ 29. Ke1 Nd3+ 30. Kd1 e3 31. Ne2 Nb4 32. Nf4 Bd6 33. a3
Nc2 34. Rb1 Bxf4 35. gxf4 e2+ 0-1

[Event "Zalakarosi Sakkfesztivál open"]
[Site "Zalakaros"]
[Date "2018.05.28"]
[Round "4.31"]
[White "Czebe, Attila"]
[Black "Karacsonyi, Bank"]
[Result "1-0"]
[WhiteElo "2422"]
[BlackElo "1311"]
[PlyCount "53"]
[EventDate "2018.05.25"]
[EventType "swiss"]
[EventRounds "9"]
[EventCountry "HUN"]

1. e4 d5 2. exd5 Qxd5 3. Nc3 Qd6 4. Nf3 Nf6 5. d4 c6 6. Ne5 Nbd7 7. Bf4 Qe6 8.
Bc4 Nd5 9. O-O Nxe5 10. Bxd5 cxd5 11. dxe5 Qc6 12. Qxd5 Qg6 13. Nb5 Qb6 14. Be3
Qc6 15. Rad1 Bd7 16. Qxc6 bxc6 17. Nc7+ Kd8 18. Nxa8 Kc8 19. Bxa7 Bg4 20. Bc5
Bxd1 21. Rxd1 Kb7 22. Rd8 f6 23. Nb6 fxe5 24. a4 Kc7 25. Rd7+ Kb8 26. a5 e6 27.
a6 1-0

[Event "Zalakarosi Sakkfesztivál open"]
[Site "Zalakaros"]
[Date "2018.05.28"]
[Round "4.32"]
[White "Meszaros, Tamas"]
[Black "Demeter, Dorina"]
[Result "1-0"]
[WhiteElo "2407"]
[BlackElo "2060"]
[PlyCount "51"]
[EventDate "2018.05.25"]
[EventType "swiss"]
[EventRounds "9"]
[EventCountry "HUN"]

1. e4 c5 2. Nf3 d6 3. d4 cxd4 4. Nxd4 Nf6 5. Nc3 g6 6. Be3 Bg7 7. f3 O-O 8. Qd2
Nc6 9. O-O-O d5 10. exd5 Nxd5 11. Nxc6 bxc6 12. Bd4 Bxd4 13. Qxd4 Qb6 14. Na4
Qc7 15. Bc4 Bf5 16. g4 Bd7 17. h4 e5 18. Qc5 Nb6 19. Nxb6 axb6 20. Qe7 Rad8 21.
h5 e4 22. Qf6 h6 23. hxg6 Be6 24. gxf7+ Qxf7 25. Bxe6 Rxd1+ 26. Rxd1 1-0

[Event "Zalakarosi Sakkfesztivál open"]
[Site "Zalakaros"]
[Date "2018.05.28"]
[Round "4.33"]
[White "Csonka, Attila Istvan"]
[Black "Reitinger, Petr"]
[Result "1-0"]
[WhiteElo "2372"]
[BlackElo "2003"]
[PlyCount "35"]
[EventDate "2018.05.25"]
[EventType "swiss"]
[EventRounds "9"]
[EventCountry "HUN"]

1. e4 e6 2. d4 d5 3. Nd2 c5 4. Ngf3 dxe4 5. Nxe4 cxd4 6. Qxd4 Qxd4 7. Nxd4 Nf6
8. Nxf6+ gxf6 9. Nb5 Na6 10. Be3 b6 11. O-O-O Bb7 12. Nxa7 Bc5 13. Bb5+ Kf8 14.
Bh6+ Kg8 15. Rd3 Bxf2 16. Rhd1 Bd5 17. Nc6 Re8 18. Bxa6 1-0

[Event "Zalakarosi Sakkfesztivál open"]
[Site "Zalakaros"]
[Date "2018.05.28"]
[Round "4.34"]
[White "Heiligermann, Gabor"]
[Black "Veleski, Robert"]
[Result "0-1"]
[WhiteElo "2008"]
[BlackElo "2225"]
[PlyCount "72"]
[EventDate "2018.05.25"]
[EventType "swiss"]
[EventRounds "9"]
[EventCountry "HUN"]

1. c4 Nf6 2. Nc3 g6 3. d4 Bg7 4. e4 d6 5. f4 O-O 6. Nf3 c5 7. d5 e6 8. Bd3 exd5
9. cxd5 b5 10. O-O c4 11. Bc2 b4 12. Na4 Bd7 13. e5 Bxa4 14. exf6 Bxc2 15. Qxc2
Bxf6 16. Qxc4 Qb6+ 17. Kh1 Nd7 18. Bd2 a5 19. Rac1 Bxb2 20. Rc2 Bf6 21. Re1
Rfe8 22. Qc6 Rxe1+ 23. Bxe1 Rd8 24. Bf2 Qxc6 25. Rxc6 Nc5 26. Bxc5 dxc5 27.
Rxc5 a4 28. Ne5 Ra8 29. h3 Be7 30. Rb5 b3 31. a3 Bxa3 32. Nc4 Bf8 33. d6 a3 34.
Nxa3 Rxa3 35. Rb8 Ra1+ 36. Kh2 Rd1 0-1

[Event "Zalakarosi Sakkfesztivál open"]
[Site "Zalakaros"]
[Date "2018.05.28"]
[Round "4.35"]
[White "Sonnberger, Thomas"]
[Black "Friml, Antonin"]
[Result "1-0"]
[WhiteElo "2186"]
[BlackElo "1995"]
[PlyCount "148"]
[EventDate "2018.05.25"]
[EventType "swiss"]
[EventRounds "9"]
[EventCountry "HUN"]

1. Nf3 d5 2. g3 Nf6 3. Bg2 Bf5 4. c4 c6 5. b3 e6 6. Bb2 Bd6 7. d3 Bg6 8. O-O
O-O 9. Nbd2 Qe7 10. Ne5 Nbd7 11. Ndf3 Rfc8 12. Qc2 Nxe5 13. Nxe5 Nd7 14. Nxg6
hxg6 15. e4 dxe4 16. Bxe4 Nf6 17. Bf3 Ba3 18. Rad1 Bxb2 19. Qxb2 a5 20. d4 Rd8
21. Rd2 Rd6 22. Rfd1 Rad8 23. a3 Qc7 24. b4 axb4 25. Qxb4 Rb8 26. Rb1 c5 27.
dxc5 Rxd2 28. Qxd2 Qxc5 29. Qd3 b6 30. Rb5 Qc7 31. Qb3 Nd7 32. a4 Qd6 33. Qc3
Qc7 34. Qd4 Rc8 35. a5 Rb8 36. axb6 Rxb6 37. Rxb6 Nxb6 38. c5 Nd7 39. c6 Ne5
40. Bg2 f6 41. Qb4 g5 42. h3 Kf7 43. Kh2 Ke8 44. Qc5 Nf7 45. Qc4 Ke7 46. Be4
Nd6 47. Qc5 Kd8 48. Qa3 Ke7 49. Bf3 Kd8 50. Qd3 Qe7 51. Qh7 Kc7 52. Qg8 Nc8 53.
Bg4 Na7 54. Bxe6 Nxc6 55. Bf5 Ne5 56. Qa8 Kb6 57. Be4 Qa7 58. Qd5 Kc7 59. Kg2
Kb6 60. f4 gxf4 61. gxf4 Nd7 62. Qd6+ Ka5 63. Bc6 Nc5 64. Bf3 Qb6 65. Qe7 g6
66. Qe1+ Kb5 67. Qb1+ Ka6 68. Qa1+ Kb5 69. Be2+ Kb4 70. Qe1+ Ka3 71. Qc1+ Kb4
72. Qb1+ Ka5 73. Qxg6 Qb2 74. Qe8 Qd4 1-0

[Event "Zalakarosi Sakkfesztivál open"]
[Site "Zalakaros"]
[Date "2018.05.28"]
[Round "4.36"]
[White "Haselbach, David"]
[Black "Bozinovic, Bogdan"]
[Result "0-1"]
[WhiteElo "1984"]
[BlackElo "2176"]
[PlyCount "78"]
[EventDate "2018.05.25"]
[EventType "swiss"]
[EventRounds "9"]
[EventCountry "HUN"]

1. e4 c5 2. Nf3 d6 3. d4 cxd4 4. Nxd4 Nf6 5. f3 Nbd7 6. c4 e6 7. Nc3 a6 8. Be2
b6 9. Be3 Bb7 10. Qd2 Be7 11. O-O O-O 12. Rfd1 Qc7 13. Rac1 Rac8 14. Qe1 Qb8
15. Qf2 Rfe8 16. g4 h6 17. h4 Nh7 18. Kg2 Ne5 19. b3 Ng6 20. Rh1 d5 21. cxd5
exd5 22. Nf5 Ba3 23. Nxd5 Bxc1 24. Rxc1 Rxc1 25. Bxc1 Bxd5 26. exd5 Nf4+ 27.
Bxf4 Qxf4 28. Bxa6 g6 29. Ng3 Nf6 30. Bc4 Qd6 31. Qd4 b5 32. Bxb5 Nxd5 33. Kh2
Re3 34. Qd1 Qe5 35. Bc4 Qb2+ 36. Kg1 Nf4 37. Bf1 Rd3 38. Qxd3 Nxd3 39. Bxd3
Qd4+ 0-1

[Event "Zalakarosi Sakkfesztivál open"]
[Site "Zalakaros"]
[Date "2018.05.28"]
[Round "4.37"]
[White "Toth, Istvan"]
[Black "Medancic, Rikard"]
[Result "0-1"]
[WhiteElo "1941"]
[BlackElo "2164"]
[PlyCount "82"]
[EventDate "2018.05.25"]
[EventType "swiss"]
[EventRounds "9"]
[EventCountry "HUN"]

1. d4 Nf6 2. Nf3 e6 3. Bf4 c5 4. c3 b6 5. e3 Bb7 6. Nbd2 Be7 7. Bd3 Nc6 8. O-O
d6 9. Re1 Nh5 10. Bg3 Nxg3 11. hxg3 O-O 12. Rc1 Rc8 13. Qe2 g6 14. a3 Rc7 15.
Red1 Qc8 16. Rc2 Rd8 17. Rdc1 Bf6 18. b4 Bg7 19. Nb3 Ne7 20. c4 Qa8 21. e4 cxd4
22. Nfxd4 a6 23. f4 Qc8 24. Qf2 e5 25. Nf3 Bh6 26. Nh2 exf4 27. gxf4 f5 28.
exf5 gxf5 29. Qh4 Bg7 30. Re1 Ng6 31. Qg5 Rf8 32. Qg3 Be4 33. Bxe4 fxe4 34.
Rxe4 d5 35. Re1 Rxc4 36. Rce2 Rc3 37. Re3 d4 38. Rd3 Nxf4 39. Re7 Rc1+ 40. Nxc1
Qxc1+ 41. Nf1 Ne2+ 0-1

[Event "Zalakarosi Sakkfesztivál open"]
[Site "Zalakaros"]
[Date "2018.05.28"]
[Round "4.38"]
[White "Piroska, Istvan"]
[Black "Majoros, Rozsa Evelin"]
[Result "0-1"]
[WhiteElo "2159"]
[BlackElo "1967"]
[PlyCount "64"]
[EventDate "2018.05.25"]
[EventType "swiss"]
[EventRounds "9"]
[EventCountry "HUN"]

1. e4 e5 2. Nf3 Nc6 3. Bc4 Nf6 4. d3 h6 5. Nc3 d6 6. a3 g5 7. Be3 Bg7 8. h4 g4
9. Nh2 Qd7 10. Qd2 Nh5 11. g3 Ne7 12. O-O-O f5 13. exf5 d5 14. f3 Nxg3 15. fxg4
Nxh1 16. Bb3 d4 17. Ne4 dxe3 18. Qxe3 Nd5 19. Qf3 Nf6 20. g5 hxg5 21. hxg5 Rxh2
22. gxf6 Bh6+ 23. Kb1 Qxf5 24. Nd6+ cxd6 25. Qd5 Qxf6 26. d4 Be6 27. Qxb7 Rd8
28. dxe5 Qxe5 29. Ba4+ Kf8 30. Qh7 Bg7 31. Rf1+ Ke7 32. Qg6 Qxb2# 0-1

[Event "Zalakarosi Sakkfesztivál open"]
[Site "Zalakaros"]
[Date "2018.05.28"]
[Round "4.39"]
[White "Mitlasovszki, Imre"]
[Black "Boronyak, Arpad"]
[Result "1-0"]
[WhiteElo "1925"]
[BlackElo "2153"]
[PlyCount "65"]
[EventDate "2018.05.25"]
[EventType "swiss"]
[EventRounds "9"]
[EventCountry "HUN"]

1. e4 c5 2. d4 e6 3. c3 Nf6 4. e5 Nd5 5. Nf3 cxd4 6. cxd4 d6 7. a3 Nc6 8. Bd3
Qa5+ 9. Bd2 Qb6 10. Nc3 Nxd4 11. Nxd4 Qxd4 12. Bb5+ Bd7 13. Bxd7+ Kxd7 14. Nxd5
Qxd5 15. O-O Be7 16. exd6 Bxd6 17. Bb4 Ke7 18. Qg4 h5 19. Qh4+ g5 20. Bxd6+
Kxd6 21. Qb4+ Ke5 22. Rad1 Qc6 23. f4+ Kf6 24. fxg5+ Kg7 25. Qe7 Qe8 26. Qf6+
Kg8 27. Rd3 Qf8 28. g6 Rh6 29. Rg3 Qc5+ 30. Kh1 fxg6 31. Qxe6+ Kh8 32. Rc3 Qb5
33. Rf7 1-0

[Event "Zalakarosi Sakkfesztivál open"]
[Site "Zalakaros"]
[Date "2018.05.28"]
[Round "4.40"]
[White "Ongut, Tamas Gunes"]
[Black "Toth, Nikoletta"]
[Result "1-0"]
[WhiteElo "2130"]
[BlackElo "1907"]
[PlyCount "69"]
[EventDate "2018.05.25"]
[EventType "swiss"]
[EventRounds "9"]
[EventCountry "HUN"]

1. e4 e5 2. Nf3 Nc6 3. Bb5 a6 4. Ba4 Nf6 5. O-O b5 6. Bb3 Be7 7. d4 d6 8. c3
O-O 9. Nbd2 Bg4 10. h3 Bh5 11. g4 Bg6 12. Re1 h6 13. Nf1 exd4 14. cxd4 Na5 15.
Bc2 c5 16. d5 Nd7 17. Ng3 Bf6 18. Nf5 Bxf5 19. gxf5 Nc4 20. Rb1 Kh7 21. b3 Nce5
22. Nh2 g5 23. fxg6+ fxg6 24. f4 Nf7 25. Nf3 Qc7 26. h4 Rae8 27. h5 Nh8 28.
hxg6+ Nxg6 29. Qd2 Bg7 30. e5 dxe5 31. f5 Kh8 32. d6 Qd8 33. Qh2 Nf4 34. Bxf4
exf4 35. Re6 1-0

[Event "Zalakarosi Sakkfesztivál open"]
[Site "Zalakaros"]
[Date "2018.05.29"]
[Round "5.2"]
[White "Srinath, Rao S.V."]
[Black "Galyas, Miklos"]
[Result "0-1"]
[WhiteElo "2363"]
[BlackElo "2508"]
[PlyCount "72"]
[EventDate "2018.05.25"]
[EventType "swiss"]
[EventRounds "9"]
[EventCountry "HUN"]

1. e4 c5 2. c3 d5 3. exd5 Qxd5 4. d4 Nf6 5. Nf3 e6 6. Na3 Nc6 7. Nb5 Qd8 8.
dxc5 Bxc5 9. Qxd8+ Kxd8 10. b4 Bb6 11. Nd6 Ke7 12. Nc4 Ne4 13. b5 Na5 14. Ba3+
Ke8 15. Nxb6 axb6 16. Bb4 Nb3 17. Rb1 Nbc5 18. a3 f6 19. Be2 e5 20. O-O Be6 21.
Rfe1 Kf7 22. Bd1 Rhd8 23. a4 Nd6 24. Bc2 Bf5 25. Bxf5 Nxf5 26. g4 Ne7 27. a5
Nd3 28. Re3 bxa5 29. Ba3 Rac8 30. Rd1 Nf4 31. Rxd8 Rxd8 32. c4 h5 33. Bxe7 Kxe7
34. gxh5 Rd1+ 35. Re1 Rxe1+ 36. Nxe1 Kd6 0-1

[Event "Zalakarosi Sakkfesztivál open"]
[Site "Zalakaros"]
[Date "2018.05.29"]
[Round "5.3"]
[White "Bokros, Albert"]
[Black "Ostovic, Matija"]
[Result "1/2-1/2"]
[WhiteElo "2480"]
[BlackElo "2352"]
[PlyCount "61"]
[EventDate "2018.05.25"]
[EventType "swiss"]
[EventRounds "9"]
[EventCountry "HUN"]

1. e4 c5 2. Nf3 d6 3. d4 cxd4 4. Nxd4 Nf6 5. Nc3 a6 6. h3 e6 7. g4 d5 8. exd5
Nxd5 9. Bd2 Nc6 10. Nxc6 bxc6 11. Bg2 Be7 12. O-O O-O 13. Ne2 Bf6 14. c4 Ne7
15. Qc2 Qb6 16. Rab1 Ng6 17. Be3 Qc7 18. f4 Bb7 19. c5 a5 20. g5 Be7 21. Nd4
Rad8 22. Rbe1 Rd7 23. f5 exf5 24. Nxf5 Rfd8 25. Qc3 Bf8 26. Bd4 Rxd4 27. Nxd4
Nf4 28. Rf2 g6 29. Ref1 Ba6 30. Rxf4 Bxf1 31. Rxf1 1/2-1/2

[Event "Zalakarosi Sakkfesztivál open"]
[Site "Zalakaros"]
[Date "2018.05.29"]
[Round "5.4"]
[White "Li, Bo"]
[Black "Chernyshov, Konstantin"]
[Result "1/2-1/2"]
[WhiteElo "2319"]
[BlackElo "2478"]
[PlyCount "153"]
[EventDate "2018.05.25"]
[EventType "swiss"]
[EventRounds "9"]
[EventCountry "HUN"]

1. d4 Nf6 2. c4 e6 3. g3 d5 4. Nf3 c6 5. Bg2 Nbd7 6. Qc2 Be7 7. Nbd2 O-O 8. O-O
b6 9. e4 Bb7 10. e5 Ne8 11. b3 Rc8 12. Bb2 Rc7 13. Rac1 Qa8 14. cxd5 cxd5 15.
Qb1 a5 16. h4 Ba6 17. Rfe1 g6 18. Bf1 Nb8 19. Rxc7 Nxc7 20. Rc1 Rc8 21. Rc2 Ne8
22. Rxc8 Bxc8 23. Qc1 Qc6 24. Qxc6 Nxc6 25. Nb1 Nc7 26. Ne1 Ba6 27. Nc2 f6 28.
f4 fxe5 29. fxe5 Bxf1 30. Kxf1 b5 31. Ke2 Kg7 32. Bc1 b4 33. Kd3 Nb5 34. a4
bxa3 35. Bxa3 Bxa3 36. Nbxa3 Nxa3 37. Nxa3 g5 38. h5 g4 39. Nb5 Kh6 40. Nc7 Nd8
41. Ne8 Kxh5 42. Nf6+ Kg6 43. Nxg4 h5 44. Nf6 Nc6 45. Nd7 Ne7 46. Nf6 Kg5 47.
Nh7+ Kf5 48. Nf6 Kg6 49. Nd7 Nf5 50. Nc5 Kf7 51. Nb7 Nxg3 52. Ke3 Nf5+ 53. Kf4
Nxd4 54. Nxa5 Kg6 55. b4 h4 56. Kg4 h3 57. Kxh3 Kf5 58. Kg3 Kxe5 59. Kf2 Ke4
60. Nb7 Kd3 61. Nc5+ Kc4 62. Ke3 e5 63. Nd7 Nf5+ 64. Kf3 e4+ 65. Kf4 Nd6 66.
Nf6 Kd4 67. Ng4 Kd3 68. Ke5 d4 69. Nf2+ Ke3 70. Nd1+ Kd3 71. Nb2+ Kd2 72. Kxd4
e3 73. Nd3 e2 74. Ne5 Nb5+ 75. Kc4 Nc7 76. Nf3+ Ke3 77. Ne1 1/2-1/2

[Event "Zalakarosi Sakkfesztivál open"]
[Site "Zalakaros"]
[Date "2018.05.29"]
[Round "5.5"]
[White "Astaneh Lopez, Alex"]
[Black "Hardicsay, Peter"]
[Result "0-1"]
[WhiteElo "2446"]
[BlackElo "2211"]
[PlyCount "124"]
[EventDate "2018.05.25"]
[EventType "swiss"]
[EventRounds "9"]
[EventCountry "HUN"]

1. d4 Nf6 2. c4 e6 3. Nf3 c5 4. d5 exd5 5. cxd5 d6 6. Nc3 g6 7. h3 Bg7 8. Bf4
O-O 9. e3 Na6 10. Bc4 Nc7 11. O-O b6 12. Re1 a6 13. a4 Rb8 14. e4 b5 15. axb5
axb5 16. Bf1 Rb6 17. Ra7 b4 18. Na4 Rb7 19. Rxb7 Bxb7 20. Bh2 Nfe8 21. b3 h6
22. Nd2 Bd4 23. Nf3 Bg7 24. Bc4 Kh7 25. e5 dxe5 26. Nxc5 Bxd5 27. Nxe5 Nf6 28.
Ncd3 Qa8 29. Qa1 Qb7 30. Qa5 Bxc4 31. bxc4 b3 32. Nc5 Qc8 33. Nxb3 Ne6 34. Qb5
Nh5 35. c5 Nhf4 36. Nd7 Rd8 37. c6 Kg8 38. Qb7 Nd5 39. Ndc5 Nxc5 40. Nxc5 Re8
41. Rb1 Qf5 42. Rf1 Bd4 43. Bd6 Re1 44. Qa8+ Kh7 45. Qa2 Nc3 46. Qd2 Ne2+ 47.
Kh2 Rxf1 48. Nd3 Rxf2 49. c7 Qd7 50. c8=N Ng3 51. Qb4 Nf1+ 52. Kh1 Qxc8 53.
Qxd4 Rf5 54. Be5 Qe8 55. g4 Rf3 56. Nc5 Qa8 57. Kg1 Ne3 58. Ne4 Qa2 59. Qb2
Qxb2 60. Bxb2 g5 61. Nf6+ Kg6 62. Nd7 Rf1+ 0-1

[Event "Zalakarosi Sakkfesztivál open"]
[Site "Zalakaros"]
[Date "2018.05.29"]
[Round "5.6"]
[White "Aczel, Gergely"]
[Black "Szalanczy, Emil"]
[Result "1-0"]
[WhiteElo "2567"]
[BlackElo "2233"]
[PlyCount "121"]
[EventDate "2018.05.25"]
[EventType "swiss"]
[EventRounds "9"]
[EventCountry "HUN"]

1. d4 Nf6 2. c4 g6 3. f3 c5 4. d5 Bg7 5. e4 d6 6. Nc3 O-O 7. Bg5 h6 8. Be3 e6
9. Qd2 exd5 10. cxd5 Re8 11. Be2 Na6 12. Bxh6 Nxe4 13. Nxe4 Qh4+ 14. g3 Qxh6
15. Nf6+ Kf8 16. Nxe8 Qxd2+ 17. Kxd2 Kxe8 18. Re1 Nc7 19. Kc1 Kf8 20. Rd1 b5
21. f4 Bb7 22. Bf3 Re8 23. h4 Re3 24. h5 gxh5 25. Rxh5 a5 26. Kd2 Re7 27. b3 b4
28. Ne2 Ba6 29. Rc1 Nb5 30. Rh2 Nc3 31. Rc2 Bb5 32. a4 Ba6 33. g4 c4 34. bxc4
Bxc4 35. Nxc3 bxc3+ 36. Rxc3 Bxc3+ 37. Kxc3 Bf1 38. Kd2 Rb7 39. Rh8+ Ke7 40.
Ra8 Rb2+ 41. Ke3 Rb3+ 42. Kf2 Bc4 43. Ra7+ Ke8 44. g5 Rb2+ 45. Kg3 Rb3 46. Kg4
Bd3 47. Rxa5 Ra3 48. Ra8+ Ke7 49. Ra7+ Ke8 50. a5 Ra4 51. Kg3 Ra3 52. Kf2 Bg6
53. a6 Ra2+ 54. Kg3 Ra3 55. Kg4 Bd3 56. Ra8+ Ke7 57. a7 Ra4 58. Bd1 Ra3 59. f5
Be4 60. Bb3 Bg2 61. f6+ 1-0

[Event "Zalakarosi Sakkfesztivál open"]
[Site "Zalakaros"]
[Date "2018.05.29"]
[Round "5.7"]
[White "Fancsy, Imre"]
[Black "Jamrich, Gyorgy"]
[Result "1/2-1/2"]
[WhiteElo "2388"]
[BlackElo "2213"]
[PlyCount "87"]
[EventDate "2018.05.25"]
[EventType "swiss"]
[EventRounds "9"]
[EventCountry "HUN"]

1. Nf3 d5 2. c4 c6 3. g3 dxc4 4. Bg2 Nd7 5. O-O Nb6 6. a4 a5 7. Na3 Nf6 8. Qc2
Bg4 9. Nxc4 Nxc4 10. Qxc4 Bxf3 11. Bxf3 e6 12. d4 Bb4 13. e4 O-O 14. Be3 Qe7
15. h3 Rfe8 16. Bg2 e5 17. dxe5 Qxe5 18. Bd4 Qe6 19. Qxe6 fxe6 20. Rfd1 Rad8
21. Bb6 Rd7 22. f3 Ree7 23. Bf1 Rxd1 24. Rxd1 Rd7 25. Be2 Rxd1+ 26. Bxd1 Nd7
27. Bc7 Kf7 28. f4 Ke7 29. Bc2 Bc5+ 30. Kg2 Bb6 31. Bxb6 Nxb6 32. Kf3 Nc4 33.
b3 Nb6 34. e5 h6 35. Ke3 Nd5+ 36. Kd4 b6 37. Be4 Nb4 38. h4 Kf7 39. h5 Ke7 40.
g4 Kf7 41. Bg6+ Ke7 42. Be4 Kf7 43. Bh7 Nd5 44. Bg6+ 1/2-1/2

[Event "Zalakarosi Sakkfesztivál open"]
[Site "Zalakaros"]
[Date "2018.05.29"]
[Round "5.12"]
[White "Biro, Sandor"]
[Black "Vanczak, Tamas"]
[Result "0-1"]
[WhiteElo "2191"]
[BlackElo "2303"]
[PlyCount "132"]
[EventDate "2018.05.25"]
[EventType "swiss"]
[EventRounds "9"]
[EventCountry "HUN"]

1. e4 c5 2. d4 cxd4 3. c3 dxc3 4. Nxc3 e6 5. Bc4 a6 6. Nf3 b5 7. Bb3 Nc6 8. O-O
Bb7 9. Qe2 Rc8 10. Bf4 Nge7 11. Rad1 Ng6 12. Bg3 Be7 13. h4 Nxh4 14. Nxh4 Bxh4
15. Qh5 Bxg3 16. fxg3 O-O 17. Rf4 Qe7 18. Rh4 h6 19. Rg4 Kh8 20. Kh2 d6 21. Rf4
Ne5 22. Rdf1 Qg5 23. Qe2 Rfe8 24. Nd1 Qg6 25. Nf2 d5 26. exd5 exd5 27. Qd1 Qe6
28. Qd4 Ng6 29. Rf3 Qe5 30. Qb6 Qc7 31. Qd4 Ne5 32. Rf5 Nc4 33. Ng4 Re4 34.
Qxe4 dxe4 35. Rxf7 Qc6 36. Bxc4 bxc4 37. Ne5 Qe6 38. Re7 Qd5 39. Rff7 Qd4 40.
Rxg7 Qxe5 41. Rh7+ Kg8 42. Rxe5 Kxh7 43. Re7+ Kg6 44. Rxb7 Kf5 45. Kg1 Rd8 46.
Kf2 Rd2+ 47. Ke3 Rxg2 48. Kd4 Rd2+ 49. Kxc4 h5 50. a4 e3 51. b4 Kg4 52. Re7 Kf3
53. Kc3 Rd6 54. b5 axb5 55. axb5 e2 56. Rf7+ Kxg3 57. Re7 Kf2 58. Rf7+ Ke1 59.
Kc2 Rd5 60. Rb7 Rc5+ 61. Kb2 h4 62. b6 h3 63. Rh7 Rb5+ 64. Kc2 Rxb6 65. Rxh3
Rc6+ 66. Kd3 Kd1 0-1

[Event "Zalakarosi Sakkfesztivál open"]
[Site "Zalakaros"]
[Date "2018.05.29"]
[Round "5.14"]
[White "Marosi, Levente"]
[Black "Kosztolanczi, Gyula"]
[Result "1-0"]
[WhiteElo "2277"]
[BlackElo "2130"]
[PlyCount "153"]
[EventDate "2018.05.25"]
[EventType "swiss"]
[EventRounds "9"]
[EventCountry "HUN"]

1. e4 d5 2. exd5 Qxd5 3. Nc3 Qd6 4. d4 Nf6 5. Nf3 c6 6. Ne5 Nbd7 7. Nc4 Qc7 8.
Qf3 Nb6 9. Bf4 Qd7 10. Nxb6 axb6 11. O-O-O Qg4 12. Qe3 Qe6 13. d5 Qxe3+ 14.
Bxe3 c5 15. Bf4 g6 16. Nb5 Rxa2 17. Kb1 Ra4 18. Bc7 Ne4 19. b3 Nxf2 20. bxa4
Nxd1 21. Bxb6 Bg7 22. Bxc5 Bf5 23. Bd3 Bxd3 24. cxd3 Nc3+ 25. Nxc3 Bxc3 26. d4
Kd7 27. Kc2 Ba5 28. Rb1 Rb8 29. Kd3 Bc7 30. h3 b6 31. Bb4 Ra8 32. Ra1 Bd6 33.
Bd2 Kc7 34. Kc4 Kb7 35. Kb5 Rd8 36. Rf1 f6 37. Re1 Be5 38. Bc3 Bd6 39. Re6 Rd7
40. Bd2 Bc7 41. Kc4 Bd6 42. Kb5 Rc7 43. Bb4 Bxb4 44. Kxb4 Rd7 45. d6 Rxd6 46.
Rxe7+ Kc6 47. Kc4 h5 48. Rg7 g5 49. g4 hxg4 50. hxg4 Rd8 51. Rf7 Rd6 52. Re7
Rd8 53. Re6+ Kc7 54. Rxf6 Ra8 55. Rf7+ Kc6 56. d5+ Kd6 57. Rf6+ Ke7 58. Re6+
Kd7 59. Kb3 Rf8 60. Rxb6 Rf3+ 61. Kb4 Rf4+ 62. Kb5 Rxg4 63. a5 Rd4 64. Kc5 Ra4
65. Ra6 g4 66. Ra7+ Kc8 67. Kc6 Rc4+ 68. Kd6 Ra4 69. Rg7 Rxa5 70. Rg8+ Kb7 71.
Rxg4 Ra6+ 72. Kd7 Rh6 73. Rb4+ Ka7 74. d6 Rh7+ 75. Kc6 Rh1 76. d7 Rd1 77. Rb5
1-0

[Event "Zalakarosi Sakkfesztivál open"]
[Site "Zalakaros"]
[Date "2018.05.29"]
[Round "5.19"]
[White "Chakravarthi Reddy, M."]
[Black "Sonnberger, Thomas"]
[Result "1-0"]
[WhiteElo "2443"]
[BlackElo "2186"]
[PlyCount "53"]
[EventDate "2018.05.25"]
[EventType "swiss"]
[EventRounds "9"]
[EventCountry "HUN"]

1. d4 c5 2. d5 e6 3. c4 exd5 4. cxd5 d6 5. Nc3 g6 6. Nf3 a6 7. a4 Nh6 8. Nd2 f6
9. Nc4 b6 10. Qb3 Nd7 11. Bxh6 Bxh6 12. Nxd6+ Kf8 13. Nxc8 Rxc8 14. e4 Ne5 15.
Bxa6 c4 16. Qa3+ Rc5 17. O-O Kg7 18. Ne2 Re8 19. Nd4 Qd6 20. Qg3 Kh8 21. Ne6
Rxe6 22. dxe6 Qxe6 23. Rad1 Nd3 24. Bxc4 Rxc4 25. Qxd3 Rxe4 26. Qd8+ Kg7 27.
Rd7+ 1-0

[Event "Zalakarosi Sakkfesztivál open"]
[Site "Zalakaros"]
[Date "2018.05.29"]
[Round "5.20"]
[White "Bozinovic, Bogdan"]
[Black "Czebe, Attila"]
[Result "1/2-1/2"]
[WhiteElo "2176"]
[BlackElo "2422"]
[PlyCount "49"]
[EventDate "2018.05.25"]
[EventType "swiss"]
[EventRounds "9"]
[EventCountry "HUN"]

1. d4 d6 2. c4 g6 3. e4 Bg7 4. Ne2 c5 5. d5 b5 6. cxb5 Nf6 7. Nec3 O-O 8. Na3
a6 9. f3 e6 10. Bc4 axb5 11. Naxb5 exd5 12. Nxd5 Nxd5 13. Bxd5 Ba6 14. Nxd6 Ra7
15. Bf4 Bxb2 16. Nxf7 Qa5+ 17. Bd2 Qa3 18. Nd6+ Kg7 19. Rb1 Nd7 20. Qc2 Ne5 21.
Nc4 Bxc4 22. Bxc4 Rd8 23. Qxb2 Qxb2 24. Rxb2 Nxc4 25. Rc2 1/2-1/2

[Event "Zalakarosi Sakkfesztivál open"]
[Site "Zalakaros"]
[Date "2018.05.29"]
[Round "5.21"]
[White "Medancic, Rikard"]
[Black "Csonka, Attila Istvan"]
[Result "1/2-1/2"]
[WhiteElo "2164"]
[BlackElo "2372"]
[PlyCount "52"]
[EventDate "2018.05.25"]
[EventType "swiss"]
[EventRounds "9"]
[EventCountry "HUN"]

1. e4 c5 2. Nf3 e6 3. d4 cxd4 4. Nxd4 Nc6 5. Nc3 Qc7 6. Be3 a6 7. Qd2 Nf6 8. f4
Bb4 9. Bd3 d6 10. a3 Bxc3 11. Qxc3 Bd7 12. O-O-O Rc8 13. Rhe1 e5 14. Nxc6 Qxc6
15. Qxc6 Rxc6 16. fxe5 dxe5 17. h3 Be6 18. Bd2 O-O 19. Bc3 Nd7 20. Re3 f6 21.
Be2 Nb6 22. b3 Rfc8 23. Kb2 Nd7 24. Red3 Nf8 25. h4 Kf7 26. R1d2 Ke8 1/2-1/2